000 00607nam a22001815i 4500
001 48148
003 ES-MaACL
005 20230906161713.0
007 t|
008 950706s1866 fr ||||1| fre d
040 _aCAM
_bspa
_cCAM
100 1 _aChanning, Williams Ellery.
_937978
245 1 0 _aOeuvres sociales /
_cde W. E. Channing; prédédées d'un essai sur la vie et les doctrines de Channing... par Edouard Laboulaye.
260 _aParis :
_bCharpentier,
_c1866 (
_fBourdier)
300 _aLXV, 512 p. ;
_c18 cm.
700 1 _aLaboulaye, Édouard (
_d1811-1883)
_969262
852 _aES-MaACL
_jD-4905
999 _c48148
_d48148